<?xml version="1.0" encoding="UTF-8"?>
<marc:record xmlns:marc="http://www.loc.gov/MARC21/slim">
   <marc:leader>00000nam a2200000 a 4500</marc:leader>
   <marc:datafield ind1="1" ind2=" " tag="100">
      <marc:subfield code="a">Oliver, Jenny</marc:subfield>
      <marc:subfield code="4">aut</marc:subfield>
      <marc:subfield code="e">Verfasser/-in</marc:subfield>
   </marc:datafield>
   <marc:datafield ind1="0" ind2="0" tag="245">
      <marc:subfield code="a">Bis morgen am Meer</marc:subfield>
   </marc:datafield>
   <marc:datafield ind1="0" ind2="0" tag="245">
      <marc:subfield code="b">Roman</marc:subfield>
   </marc:datafield>
   <marc:datafield ind1="0" ind2="0" tag="245">
      <marc:subfield code="c">Jenny Oliver</marc:subfield>
   </marc:datafield>
   <marc:datafield ind1=" " ind2="1" tag="264">
      <marc:subfield code="a">München</marc:subfield>
      <marc:subfield code="b">Penguin Verlag</marc:subfield>
      <marc:subfield code="c">2021</marc:subfield>
   </marc:datafield>
   <marc:datafield ind1=" " ind2=" " tag="250">
      <marc:subfield code="a">1. Auflage</marc:subfield>
   </marc:datafield>
   <marc:datafield ind1="1" ind2=" " tag="520">
      <marc:subfield code="a">Angaben aus der Verlagsmeldung

Bis morgen am Meer : Roman The House We Called Home / von Jenny Oliver

Nirgendwo ist das Meer so blau wie zu Hause

Die eine Sache, auf die in Stellas Leben immer Verlass war, ist ihr Elternhaus: die rote Tür, der atemberaubende Blick auf die Küste Cornwalls, die festen Plätze ihrer Eltern auf der Couch. Doch diesen Sommer kommt alles anders. Als Stella ihren Sohn von einem Besuch bei den Großeltern abholt, erfährt sie, dass ihr Vater verschwunden ist. Er hat nur einen Zettel hinterlassen, dass sich niemand Sorgen machen solle. Während Stellas Mutter erstaunlich ruhig bleibt, schaltet der Rest der Familie in den Krisenmodus. Gemeinsam begeben sie sich auf die Suche nach dem Familienoberhaupt – jeder mit seinen eigenen Problemen im Gepäck und ohne zu ahnen, dass ihnen eine Reise voller Überraschungen bevorsteht.

</marc:subfield>
   </marc:datafield>
   <marc:datafield ind1=" " ind2=" " tag="020">
      <marc:subfield code="a">9783328105596</marc:subfield>
      <marc:subfield code="9">9783328105596</marc:subfield>
   </marc:datafield>
   <marc:datafield ind1=" " ind2=" " tag="020">
      <marc:subfield code="a">332810559X</marc:subfield>
      <marc:subfield code="9">332810559X</marc:subfield>
   </marc:datafield>
   <marc:datafield ind1=" " ind2=" " tag="041">
      <marc:subfield code="a">ger</marc:subfield>
   </marc:datafield>
   <marc:datafield ind1=" " ind2=" " tag="300">
      <marc:subfield code="a">474 Seiten</marc:subfield>
   </marc:datafield>
</marc:record>
